|
|
|
|
| LEADER |
00000nam a2200000 a 4500 |
| 001 |
vtls011702914 |
| 003 |
SK-MaSNL |
| 005 |
20260302053317.0 |
| 008 |
200104s1922 xxu g 000 0 slo |
| 015 |
|
|
|a SNBA2017
|
| 020 |
|
|
|q (brožované)
|
| 035 |
|
|
|a urn:nbn:sk:snk-am00cxk0
|
| 035 |
|
|
|a urn:nbn:sk:snk-am3hek2
|
| 035 |
|
|
|a 2558A901-3346-4ED6-8432-BFEBCEAF19D8
|
| 040 |
|
|
|a SNK
|b slo
|c SNK
|e AACR2
|
| 041 |
0 |
|
|a slo
|
| 043 |
|
|
|a n-xxu--
|
| 044 |
|
|
|a xxu
|c US
|
| 072 |
|
7 |
|a 061.2
|x Nevládne organizácie a kooperácia
|2 konspekt
|
| 080 |
|
|
|a 061.2
|2 2011
|
| 080 |
|
|
|a 323.15
|2 2011
|
| 080 |
|
|
|a (=162.4)
|2 2011
|
| 080 |
|
|
|a (73)
|2 2011
|
| 080 |
|
|
|a (062.13)
|2 2011
|
| 080 |
|
|
|a 070.42
|2 2011
|
| 245 |
0 |
0 |
|a Stanovy Sdruženia Slovenských Novinárov v Amerike
|b prijaté na 1. kongresse, vydržiavanom 20. a 21., júla 1922 v Scranton, Pa.
|
| 260 |
|
|
|a Scranton, Pa.
|b Sdruženie Slovenských Novinárov v Amerike
|c 1922
|e Scranton, Pa.
|f Tlačou "Obrany"
|
| 300 |
|
|
|a 21 s.
|c 15 cm
|
| 650 |
0 |
7 |
|a spolky
|2 SNKPH
|9 4725
|
| 650 |
0 |
7 |
|a Slováci v zahraničí
|2 SNKPH
|9 14695
|
| 650 |
0 |
7 |
|a Associations
|2 SNKPHeng
|9 266329
|
| 650 |
0 |
7 |
|a Slovaks in foreign
|2 SNKPHeng
|9 265147
|
| 650 |
0 |
7 |
|a novinári
|2 SNKPH
|9 24785
|
| 650 |
0 |
7 |
|a Journalists
|2 SNKPHeng
|9 110759
|
| 651 |
|
7 |
|a Spojené štáty americké
|2 SNKPH
|9 18262
|
| 651 |
|
7 |
|a United States
|2 SNKPHeng
|9 281561
|
| 655 |
|
7 |
|a stanovy
|2 SNKPH
|9 70547
|
| 655 |
|
7 |
|a Statutes
|2 SNKPHeng
|9 343296
|
| 958 |
|
|
|a US
|
| 958 |
|
|
|a ONDV
|
| 999 |
|
|
|c 1108921
|d 1110851
|
| 952 |
|
|
|a SNK
|b SNK
|y PREZ
|7 0
|p 17A0732087
|o snkSE 601/4
|i snk893/37
|0 0
|1 0
|4 0
|d 2017-07-17
|f 1
|l 0
|r 2026-02-24 17:53:47
|w 2026-02-24
|